Gründungsmitglieder der EU - Statistiken

Allgemein
  • Dieses Quiz wurde 124 mal gespielt
  • Das Durchschnittsergebnis liegt bei 6 aus 6
Antwortstatistiken
# Gründungsmitglied % Korrekt
6. Deutschland
99%
4. Frankreich
98%
1. Belgien
94%
5. Italien
93%
3. Niederlande
91%
2. Luxemburg
87%
Keine übereinstimmenden Quizze gefunden
Verteilung der Resultate
Anzahl Personen mit jedem Resultat
Perzentil nach korrekt beantworteten Fragen
Ihre Resultats-Entwicklung
Sie haben dieses Quiz noch nicht gespielt